A Sziget Kulturális Menedzser és Rendezvényszervező Iroda marketingstratégiájának elemző értékelése a Balaton Sound fesztivál példáján keresztül

Bibliográfiai részletek
Szerző: Jakab András Dávid
További közreműködők: Szilágyi Dr. Zoltán
Dokumentumtípus: Diplomadolgozat
Kulcsszavak:értékelés
marketingstratégia
elemzés
Online Access:http://dolgozattar.uni-bge.hu/9784

MARC

LEADER 00000nta a2200000 i 4500
001 dolg9784
005 20161219175638.0
008 161219suuuu hu om 000 hun d
040 |a BGE Dolgozattár Repozitórium  |b hun 
041 |a hu 
100 1 |a Jakab András Dávid 
245 1 2 |a A Sziget Kulturális Menedzser és Rendezvényszervező Iroda marketingstratégiájának elemző értékelése a Balaton Sound fesztivál példáján keresztül  |c Jakab András Dávid  |h [elektronikus dokumentum] 
695 |a értékelés 
695 |a marketingstratégia 
695 |a elemzés 
700 1 |a Szilágyi Dr. Zoltán  |e ths 
856 4 0 |u http://dolgozattar.uni-bge.hu/9784/1/Jakab_Andras%20-%20ve%CC%81gleges-javitott.pdf  |z Dokumentum-elérés 
856 4 0 |u http://dolgozattar.uni-bge.hu/9784/7/csatolassal-jakab-andras-vegeleges-javitott.pdf  |z Dokumentum-elérés 
856 4 0 |u http://dolgozattar.uni-bge.hu/9784/8/titkositasi.pdf  |z Dokumentum-elérés